LEADER 01461nam a2200325 a 4500 001 000000148806 003 CaOOAMICUS 005 20160125135425.0 008 160125s1966 sz u000 u fre r 032 $aLibriCat 040 $aPUL$bita 041 1 $afre$hger 100 1 $aCullmann, Oscar,$d1902-1999.$0(OLS)http://pul/name/125 245 10$aChrist et le temps :$bcomplété par un examen rétrospectif, temps et histoire dans le christianisme primitif /$cOscar Cullmann. 250 $a2e éd. 260 $aNeuchâtel ;$aParis :$bDelachaux & Niestlé,$c©1966. 300 $aXVI, 182 p. ;$c24 cm. 490 1 $aBibliothèque théologique 500 $aComprende indici. 504 $aNote bibliografiche. 600 04$aIesus Christus$xStoricità.$0(OLS)http://pul/subject/8558 650 4$aChiesa$xStoria$yChiesa primitiva, ca. 30-600.$0(OLS)http://pul/subject/93 650 4$aStoria (teologia).$0(OLS)http://pul/subject/5257 830 0$aBibliothèque théologique.$0(OLS)http://pul/title/159 850 $aPUL 852 $aPUL$W1$xDP1 Fondo Bordoni$y120$m3 E 68$j166424$qFondi$B172975$CPULBib$Z2$F172975 $HBor1685 $81 941 1 $a1 996 $6245$aChrist et le temps :$bcomplété par un examen rétrospectif, temps et histoire dans le christianisme primitif$9(OLS)http://pul/title/187628 996 $6260$aNeuchâtel ;$aParis :$bDelachaux & Niestlé$9(OLS)http://pul/publisher/50450 LEADER 01833nam a2200349 a 4500 001 000000171346 003 CaOOAMICUS 005 20190118135535.0 008 190118s2018 it u000 u ita r 020 $a978-88-08-26576-0* 032 $aLibriCat 040 $aPUL$bita 082 04$a347.4505 245 00$aDei procedimenti possessori : $bart. 703-705 /$ca cura di Antonio Carratta; con i contributi di Giorgetta Basilico, Fabio Cossignani, Angelo Danilo De Santis, Livia Di Cola, Francesco Fradeani, Andrea Giordano, Leo Piccininni, Giorgio Giuseppe Poli. 260 $aBologna :$bZanichelli,$c©2018. 300 $aXXV, 475 p. ;$c24 cm. 490 1 $aCommentario del Codice di Procedura civile.$aLibro quarto.$aProcedimenti speciali ;$vart. 703-705 500 $aLa collana è curata da Sergio Chiarloni. 504 $aContiene riferimenti bibliografici e indice. 650 4$aProvvedimenti d'urgenza.$0(OLS)http://pul/subject/43609 650 4$aDiritto processuale civile$zItalia.$0(OLS)http://pul/subject/38504 700 1 $aCarratta, Antonio,$d1965-$0(OLS)http://pul/name/75067 700 1 $aChiarloni, Sergio.$0(OLS)http://pul/name/12062 830 0$aCommentario del codice di procedura civile.$nLibro quarto.$pDei procedimenti speciali ;$vart. 703-705.$0(OLS)http://pul/title/192680 850 $aPUL 852 $aPUL$W1$xSL Diritto e Scienze Sociali 3$y79$m347. 4505 CHISE 1.703$j195035$qDDC 21$B199936$CPULBib$Z2$F199936 $H132088 $82 941 1 $a9 996 $6020$a978-88-08-26576-0*$9(OLS)http://pul/number/165612 996 $6082$a347.4505$9(OLS)http://pul/classification/2032 996 $6245$aDei procedimenti possessori : $bart. 703-705$9(OLS)http://pul/title/212178 996 $6260$aBologna :$bZanichelli$9(OLS)http://pul/publisher/48255